[Event "Superettan(Orebro-Stockholms SS)"]
[Site "?"]
[Date "2009.01.17"]
[Round "4"]
[White "Uddenfeldt, Dan"]
[Black "Fransson, Peter"]
[Result "1-0"]
[WhiteElo "2424"]
[BlackElo "2345"]
[PlyCount "93"]

1. d4 Nf6 2. c4 g6 3. Nc3 Bg7 4. e4 d6 5. Be2 O-O 6. Be3 c6 7. g4 e5 8. d5 Qa5
9. f3 b5 10. g5 Nh5 11. cxb5 cxb5 12. Bxb5 Ba6 13. Qa4 Qxa4 14. Bxa4 Nf4 15.
O-O-O Rc8 16. Kb1 Kf8 17. h4 Rc7 18. Nh3 Ne2 19. Nxe2 Bxe2 20. Rc1 Na6 21. Rxc7
Nxc7 22. Rc1 Nb5 23. Bxb5 Bxb5 24. Rc7 a6 25. b3 Ke8 26. a4 Bf1 27. Ng1 Bf8 28.
Rc1 Bd3+ 29. Kb2 a5 30. Bb6 Be7 31. Rd1 Bc4 32. Rc1 Bxb3 33. Ka3 Rb8 34. Bxa5
Ra8 35. Kxb3 Rxa5 36. Ne2 Kd7 37. Nc3 Rc5 38. f4 exf4 39. Rf1 Bd8 40. Rxf4 Ke7
41. Nb5 Ba5 42. Rf1 Bd2 43. Rd1 Be3 44. Nd4 Bxd4 45. Rxd4 f5 46. exf5 gxf5 47.
Kb4 1-0

[Event "Superettan(Orebro-Stockholms SS)"]
[Site "?"]
[Date "2009.01.17"]
[Round "4"]
[White "Gruvaeus, Curt"]
[Black "Bergstrom, Rolf"]
[Result "1/2-1/2"]
[WhiteElo "2373"]
[BlackElo "2355"]
[PlyCount "41"]

1. d4 c5 2. d5 d6 3. c4 e5 4. e4 Be7 5. Qa4+ Nd7 6. Nf3 Ngf6 7. Nc3 O-O 8. h3
a6 9. g4 Re8 10. a3 Nf8 11. Be3 Ng6 12. Qc2 Bd7 13. Rb1 Rb8 14. b4 b6 15. Ne2
h6 16. Ng3 Nh7 17. Nf5 Bxf5 18. gxf5 Nh4 19. Qd1 Nxf3+ 20. Qxf3 Bg5 21. Rg1
1/2-1/2

[Event "Superettan(Orebro-Stockholms SS)"]
[Site "?"]
[Date "2009.01.17"]
[Round "4"]
[White "Henriksson, Johan"]
[Black "Lind, Jan-Olov"]
[Result "1/2-1/2"]
[WhiteElo "2322"]
[BlackElo "2288"]
[PlyCount "116"]

1. d4 Nf6 2. Nf3 g6 3. g3 Bg7 4. Bg2 O-O 5. O-O d6 6. c4 Nbd7 7. Nc3 a6 8. b3
Rb8 9. a4 e5 10. dxe5 Ng4 11. Bb2 Ngxe5 12. Nd4 a5 13. h3 Nc5 14. f4 Ned3 15.
exd3 Bxd4+ 16. Kh2 Bd7 17. Ra2 Bc6 18. Nd5 Bxb2 19. Rxb2 Bxd5 20. Bxd5 Qf6 21.
d4 c6 22. Bg2 Ne6 23. Rd2 c5 24. dxc5 dxc5 25. f5 gxf5 26. Be4 Nd4 27. Bxf5 Qg5
28. Rf4 Kh8 29. Bxh7 f5 30. Rdxd4 cxd4 31. Bxf5 Rbd8 32. Qf3 Rd6 33. Qe4 d3 34.
c5 Rh6 35. Qxd3 Qf6 36. g4 Rd8 37. Qe2 Qc3 38. Rf3 Qd4 39. Rd3 Qf4+ 40. Kg2
Rxd3 41. Qxd3 Rf6 42. Qd8+ Kg7 43. Qe7+ Rf7 44. Qd6 Qg5 45. Qe5+ Qf6 46. Qxf6+
Kxf6 47. Kg3 Ke5 48. h4 Rc7 49. h5 Rxc5 50. h6 Rc3+ 51. Kh4 Kf6 52. Be4 Re3 53.
g5+ Kf7 54. Bf5 Re1 55. g6+ Kf6 56. g7 Kxf5 57. h7 Kf4 58. Kh3 Kf3 1/2-1/2

[Event "Superettan(Orebro-Stockholms SS)"]
[Site "?"]
[Date "2009.01.17"]
[Round "4"]
[White "Drugge, Patrick"]
[Black "Nilsson, Mats"]
[Result "1/2-1/2"]
[WhiteElo "2267"]
[BlackElo "2170"]
[PlyCount "36"]

1. e4 c5 2. Nc3 e6 3. g3 d5 4. exd5 exd5 5. d4 Nc6 6. Bg2 Nf6 7. Nge2 cxd4 8.
Nxd4 Bc5 9. Be3 Nxd4 10. Bxd4 Qe7+ 11. Ne2 Bxd4 12. Qxd4 O-O 13. Bf3 Bf5 14. c3
Be4 15. Bxe4 dxe4 16. O-O-O Rfd8 17. Qc4 Rdc8 18. Qd4 Rd8 1/2-1/2

[Event "Superettan(Orebro-Stockholms SS)"]
[Site "?"]
[Date "2009.01.17"]
[Round "4"]
[White "Braathen, Tom"]
[Black "Zetterberg, Staffan"]
[Result "0-1"]
[WhiteElo "2111"]
[BlackElo "2322"]
[PlyCount "64"]

1. e4 Nf6 2. e5 Nd5 3. d4 d6 4. Nf3 Bg4 5. Be2 e6 6. O-O Be7 7. exd6 cxd6 8. c4
Nb6 9. Nc3 O-O 10. Be3 d5 11. b3 Nc6 12. c5 Nc8 13. Ne1 Bxe2 14. Nxe2 Bf6 15.
Nd3 N8e7 16. Qd2 Nf5 17. Ndf4 g6 18. b4 Bg7 19. Rfd1 e5 20. dxe5 d4 21. Qb2
Bxe5 22. Nd3 Bxh2+ 23. Kxh2 Qh4+ 24. Kg1 dxe3 25. Nef4 Rad8 26. b5 Ncd4 27. g3
exf2+ 28. Qxf2 Nxg3 29. Qg2 Ngf5 30. Qf2 Qxf2+ 31. Kxf2 Nxb5 32. Rab1 Nc3 0-1

[Event "Superettan(Orebro-Stockholms SS)"]
[Site "?"]
[Date "2009.01.17"]
[Round "4"]
[White "Blomstrom, Lars"]
[Black "Wikfeldt, Kjartan"]
[Result "0-1"]
[WhiteElo "2126"]
[BlackElo "2109"]
[PlyCount "50"]

1. e4 d6 2. d4 Nf6 3. Nc3 g6 4. h3 Bg7 5. Be3 O-O 6. Qd2 c6 7. Bh6 Qa5 8. Bxg7
Kxg7 9. Nf3 Nbd7 10. Bd3 e5 11. O-O b5 12. a3 Bb7 13. Rad1 Rfe8 14. dxe5 dxe5
15. Nh4 Qb6 16. Kh2 Qc7 17. Qg5 a6 18. Kg1 c5 19. Bxb5 axb5 20. Nxb5 Qc6 21.
Nf5+ Kg8 22. Nbd6 Re6 23. Nh6+ Kf8 24. Nhxf7 Nxe4 25. Nxe4 Kxf7 0-1

[Event "Superettan(Orebro-Stockholms SS)"]
[Site "?"]
[Date "2009.01.17"]
[Round "4"]
[White "Carlsten, Peter"]
[Black "Jonsson, Krister"]
[Result "1-0"]
[WhiteElo "2096"]
[BlackElo "2044"]
[PlyCount "69"]

1. e4 e6 2. d4 d5 3. Nd2 Nf6 4. e5 Nfd7 5. f4 c5 6. c3 Nc6 7. Ndf3 f6 8. a3 c4
9. b3 cxb3 10. Qxb3 Na5 11. Qa4 Qc7 12. Rb1 Be7 13. g3 O-O 14. Bh3 f5 15. Ne2
Nc4 16. O-O Ndb6 17. Qb3 Bd7 18. Ra1 Ba4 19. Qb1 Rac8 20. g4 g6 21. Kh1 Kh8 22.
Rg1 Na5 23. gxf5 gxf5 24. Bf1 Nbc4 25. Ng5 Qc6 26. Qd3 Rc7 27. Nxh7 Rf7 28. Qg3
Qe8 29. Ng5 Bxg5 30. fxg5 Bc2 31. g6 Rg7 32. Bg5 Be4+ 33. Bg2 Qxg6 34. Bxe4
dxe4 35. Nf4 1-0

[Event "Superettan(Orebro-Stockholms SS)"]
[Site "?"]
[Date "2009.01.17"]
[Round "4"]
[White "Larsson, Patrik"]
[Black "Nilsson, Christer"]
[Result "1/2-1/2"]
[WhiteElo "2038"]
[BlackElo "2041"]
[PlyCount "84"]

1. e4 e6 2. d4 d5 3. Nc3 Bb4 4. e5 c5 5. Bd2 Ne7 6. dxc5 Nbc6 7. f4 O-O 8. Bd3
f6 9. Nf3 Bxc5 10. Na4 Bb4 11. c3 Ba5 12. b4 Bc7 13. b5 Na5 14. O-O Bd7 15. Qb1
f5 16. Nd4 Re8 17. Qb4 Rc8 18. Be1 Ng6 19. Rb1 Bb6 20. Nxb6 Qxb6 21. Bf2 Qd8
22. g3 b6 23. Rbc1 Nc4 24. Nf3 Qe7 25. Qb3 Rc7 26. Bxc4 Rxc4 27. Nd2 Rc7 28. a4
Rec8 29. Bd4 Nf8 30. Rc2 Be8 31. Rfc1 Nd7 32. c4 Nc5 33. Qa3 Qd7 34. Bxc5 Rxc5
35. Qd3 a6 36. Nb3 Rxc4 37. Rxc4 dxc4 38. Qxd7 Bxd7 39. Nd4 axb5 40. axb5 Rc5
41. Kf2 Kf7 42. Ke3 Ke7 1/2-1/2

[Event "Superettan(Rockaden,Umea-Rock.II,Sthlm)"]
[Site "?"]
[Date "2009.01.17"]
[Round "4"]
[White "Zadruzny, Nikolaj"]
[Black "Forsberg, Viktor"]
[Result "1-0"]
[WhiteElo "2311"]
[BlackElo "2341"]
[PlyCount "120"]

1. d4 d5 2. Nc3 Nf6 3. Bg5 c5 4. Bxf6 gxf6 5. e3 Nc6 6. Qh5 cxd4 7. exd4 e6 8.
O-O-O Bb4 9. Nge2 Bd7 10. f4 Qe7 11. f5 O-O-O 12. g3 Kb8 13. Qf3 Rc8 14. a3 Bd6
15. Nb5 Na5 16. Nxd6 Qxd6 17. fxe6 fxe6 18. Qxf6 Ba4 19. Nc3 Rxc3 20. bxc3
Qxa3+ 21. Kd2 Rc8 22. Bd3 Qxc3+ 23. Ke2 Bxc2 24. Qf4+ e5 25. Qxe5+ Ka8 26. Bxc2
Qxc2+ 27. Kf3 Rf8+ 28. Kg4 Qc8+ 29. Kh4 Nc6 30. Qe2 Rf6 31. g4 h5 32. h3 Qd8
33. Kg3 Qd6+ 34. Kg2 a6 35. Rhf1 Rg6 36. Qf3 hxg4 37. hxg4 Qd7 38. Kg3 Ka7 39.
Qf5 Qg7 40. Rf4 Rg5 41. Qc2 Qc7 42. Qc5+ b6 43. Qf8 Nd8 44. Qf6 Rg7 45. Qe5 Qd7
46. Rf5 Re7 47. Qxd5 Qc7+ 48. Re5 Nf7 49. Rc1 Qb8 50. Rc8 Rxe5 51. dxe5 Qxc8
52. Qxf7+ Kb8 53. e6 Qc3+ 54. Kh4 Qe1+ 55. Kg5 Qe5+ 56. Kg6 Qe4+ 57. Qf5 Qe3
58. g5 a5 59. Kf7 Qb3 60. g6 Qc4 1-0

[Event "Superettan(Rockaden,Umea-Rock.II,Sthlm)"]
[Site "?"]
[Date "2009.01.17"]
[Round "4"]
[White "Wickstrom, Lucas"]
[Black "Westerberg, Jonathan"]
[Result "1/2-1/2"]
[WhiteElo "2255"]
[BlackElo "2298"]
[PlyCount "80"]

1. d4 Nf6 2. c4 e6 3. Nf3 b6 4. g3 Bb7 5. Bg2 Bb4+ 6. Bd2 Be7 7. O-O O-O 8. Nc3
Ne4 9. d5 Nxd2 10. Nxd2 Bb4 11. dxe6 Bxg2 12. exf7+ Rxf7 13. Kxg2 Bxc3 14. bxc3
Qe7 15. Nf3 Na6 16. a4 Re8 17. a5 Nc5 18. axb6 axb6 19. Ra2 Ne4 20. Qd4 c5 21.
Qd3 Ref8 22. Ra7 Nxc3 23. Qxc3 Qxe2 24. Qe3 Qxf3+ 25. Qxf3 Rxf3 26. Rxd7 Rc3
27. Rb7 Rxc4 28. Rxb6 Rc2 29. Rc6 c4 30. Rc7 h6 31. h4 h5 32. g4 Rf4 33. gxh5
Rxh4 34. Rc5 Kh7 35. Kg3 Rd4 36. Re1 Rc3+ 37. f3 Rd7 38. Re4 Rf7 39. Rf4 Rxf4
40. Kxf4 Rc1 1/2-1/2

[Event "Superettan(Rockaden,Umea-Rock.II,Sthlm)"]
[Site "?"]
[Date "2009.01.17"]
[Round "4"]
[White "Hanninger, Simon"]
[Black "Hammar, Ulf"]
[Result "1-0"]
[WhiteElo "2289"]
[BlackElo "2280"]
[PlyCount "113"]

1. c4 c6 2. e4 d5 3. exd5 cxd5 4. cxd5 Nf6 5. Nc3 Nxd5 6. Bc4 Nxc3 7. bxc3 e6
8. Nf3 Be7 9. O-O O-O 10. d4 Qc7 11. Qd3 Nd7 12. Bb3 Rd8 13. Bc2 Nf8 14. Bg5 b6
15. Bxe7 Qxe7 16. a4 a5 17. Rfb1 Ba6 18. Qe4 Qc7 19. Ra3 Bc4 20. Bb3 Nd7 21.
Bxc4 Qxc4 22. Ng5 Nf8 23. Qb7 f6 24. Nf3 Rab8 25. Qe4 b5 26. Nd2 Qd5 27. Qxd5
Rxd5 28. Rxb5 Rbxb5 29. axb5 Rxb5 30. g3 Nd7 31. Nc4 e5 32. Rxa5 Rb1+ 33. Kg2
exd4 34. cxd4 Kf7 35. Ra7 Ke7 36. Ne3 g6 37. h4 Kd6 38. Ra6+ Ke7 39. Ra7 Rb2
40. Nd5+ Kd6 41. Ne3 Ke7 42. g4 Rd2 43. d5 Rd4 44. Kg3 Kd6 45. Ra8 Nb6 46. Rh8
Nxd5 47. Nxd5 Kxd5 48. Rxh7 Ke6 49. Rg7 f5 50. Rxg6+ Kf7 51. gxf5 Ra4 52. Rb6
Rc4 53. h5 Kg7 54. Rg6+ Kf7 55. h6 Rc1 56. Rg4 Kf6 57. h7 1-0

[Event "Superettan(Rockaden,Umea-Rock.II,Sthlm)"]
[Site "?"]
[Date "2009.01.17"]
[Round "4"]
[White "Nygren, David"]
[Black "Olofsson, Dan"]
[Result "1-0"]
[WhiteElo "2245"]
[BlackElo "2223"]
[PlyCount "57"]

1. e4 e5 2. Nf3 Nc6 3. Bb5 a6 4. Ba4 Nf6 5. O-O Be7 6. Re1 b5 7. Bb3 d6 8. c3
O-O 9. h3 Na5 10. Bc2 d5 11. d4 Nxe4 12. dxe5 f5 13. exf6 Bxf6 14. a4 Bb7 15.
axb5 axb5 16. Qd3 Qe8 17. Nbd2 Nc4 18. Rxa8 Qxa8 19. Nb3 Qa7 20. Nbd4 Bxd4 21.
Qxd4 Qxd4 22. Nxd4 Ncd6 23. f3 Nf6 24. Bd3 c6 25. Bf4 Nc4 26. b3 Nb6 27. Bc7
Nbd7 28. Bf5 c5 29. Bd6 1-0

[Event "Superettan(Rockaden,Umea-Rock.II,Sthlm)"]
[Site "?"]
[Date "2009.01.17"]
[Round "4"]
[White "Bryntze, Stefan"]
[Black "Engman, Rickard"]
[Result "0-1"]
[WhiteElo "2222"]
[BlackElo "2212"]
[PlyCount "86"]

1. f4 d5 2. e3 g6 3. Nf3 Bg7 4. Be2 c5 5. O-O Nf6 6. Bb5+ Bd7 7. Qe2 O-O 8.
Bxd7 Qxd7 9. d3 Nc6 10. Nbd2 Rfe8 11. Ne5 Nxe5 12. fxe5 Ng4 13. d4 f6 14. Nb3
cxd4 15. exd4 fxe5 16. Nc5 Qc8 17. h3 e4 18. Nxe4 Bxd4+ 19. Kh1 Nf6 20. Ng5 Nh5
21. Qd3 Qc4 22. Rd1 Qxd3 23. Rxd3 e5 24. Bd2 Rad8 25. Re1 Bf2 26. Rd1 e4 27.
Rb3 e3 28. Be1 Rd7 29. Kh2 e2 30. Rb1 Be3 31. Nf3 d4 32. g3 Rc8 33. Ne5 Re7 34.
Ng4 Rxc2 35. Nxe3 dxe3 36. Rc3 Rxc3 37. bxc3 Rf7 38. Kg2 Rf1 39. c4 Nf6 40. a4
Ne4 41. Rb3 Rxe1 42. Rxe3 Nc5 43. Kf2 Rc1 0-1

[Event "Superettan(Rockaden,Umea-Rock.II,Sthlm)"]
[Site "?"]
[Date "2009.01.17"]
[Round "4"]
[White "Mardell, Jimmy"]
[Black "Sandbom, Jonas"]
[Result "1-0"]
[WhiteElo "2233"]
[BlackElo "2216"]
[PlyCount "121"]

1. e4 c5 2. Nf3 e6 3. d4 cxd4 4. Nxd4 Nf6 5. Nc3 d6 6. g4 h6 7. h4 Nc6 8. Rg1
d5 9. Bb5 Bd7 10. exd5 Nxd5 11. Nxd5 exd5 12. Be3 Be7 13. Qf3 Bxh4 14. O-O-O
O-O 15. Nf5 Bxf5 16. gxf5 Qf6 17. Qh5 Bg5 18. f4 Qe7 19. Rde1 Bf6 20. Qxh6 Rfe8
21. Kb1 Nd4 22. Bxe8 Rxe8 23. Qh3 Qe4 24. Rg2 Nxf5 25. Rh1 g6 26. Bc1 Bg7 27.
Rgh2 Re6 28. Qd3 a6 29. Rd1 d4 30. Qxe4 Rxe4 31. a3 Bf8 32. Rhh1 Bd6 33. Rhe1
Rxe1 34. Rxe1 Kg7 35. b3 Kf6 36. Bb2 Bxf4 37. Re4 Be5 38. Kc1 Ke6 39. Kd1 Kd5
40. Re1 Ne3+ 41. Kd2 f5 42. Kd3 Ng2 43. Rg1 Nf4+ 44. Kd2 Bf6 45. Rh1 g5 46. Rh6
Be5 47. Ke1 Ke4 48. Bc1 Kf3 49. Kf1 g4 50. Bxf4 Bxf4 51. Rg6 Be3 52. a4 f4 53.
Rg7 Kg3 54. Rxb7 f3 55. b4 Bf4 56. b5 axb5 57. a5 Kh4 58. a6 g3 59. Rh7+ Kg4
60. Rg7+ Kh3 61. Rxg3+ 1-0

[Event "Superettan(Rockaden,Umea-Rock.II,Sthlm)"]
[Site "?"]
[Date "2009.01.17"]
[Round "4"]
[White "Backman, Michael"]
[Black "Larsson, Johan"]
[Result "0-1"]
[WhiteElo "2178"]
[BlackElo "2125"]
[PlyCount "74"]

1. d4 e6 2. c4 b6 3. a3 Bb7 4. Nc3 g6 5. e4 Bg7 6. Nf3 Ne7 7. Be2 O-O 8. O-O f5
9. e5 h6 10. Re1 g5 11. Bd3 Ng6 12. g4 Bxf3 13. Qxf3 Nc6 14. gxf5 Nxd4 15. Qh5
Nxe5 16. Rxe5 Bxe5 17. Qg6+ Bg7 18. fxe6 Rf6 19. Qh7+ Kf8 20. Be4 c6 21. Be3
dxe6 22. Rd1 e5 23. Kh1 Qd7 24. b4 Kf7 25. Nd5 Rd6 26. f4 Rh8 27. fxe5 Rxh7 28.
exd6 cxd5 29. Rf1+ Kg8 30. Bxd5+ Kh8 31. c5 bxc5 32. bxc5 Qh3 33. Re1 Be5 34.
Bg1 Nf3 35. c6 Bxd6 36. Re8+ Kg7 37. Rg8+ Kf6 0-1

[Event "Superettan(Rockaden,Umea-Rock.II,Sthlm)"]
[Site "?"]
[Date "2009.01.17"]
[Round "4"]
[White "Lindgren, Fredrik"]
[Black "Todorovic, Zoran"]
[Result "1-0"]
[WhiteElo "2231"]
[BlackElo "2166"]
[PlyCount "139"]

1. Nf3 Nf6 2. g3 e6 3. Bg2 Be7 4. O-O O-O 5. d3 d5 6. Nbd2 b6 7. e4 dxe4 8. Ng5
e3 9. Bxa8 exd2 10. Bxd2 c6 11. Bf4 Bd6 12. Bxd6 Qxd6 13. Ne4 Nxe4 14. dxe4 Qc7
15. Qd2 a6 16. Rad1 Qa7 17. Qd8 f6 18. Rd6 Rxd8 19. Rxd8+ Kf7 20. Rxc8 Qxa8 21.
Rc7+ Kg6 22. Rd1 c5 23. Rd8 Qxe4 24. Rxb8 Qe5 25. Rbb7 Qxb2 26. Rxg7+ Kf5 27.
Rxh7 e5 28. Rhc7 Ke4 29. Rc6 f5 30. Rbxb6 Qxc2 31. Rxa6 Qd1+ 32. Kg2 Qf3+ 33.
Kg1 f4 34. Rd6 Qe2 35. gxf4 Kxf4 36. Ra4+ c4 37. Kg2 Ke4 38. Kg1 Qc2 39. Rb4
Kf5 40. Kg2 Qe4+ 41. Kf1 Qc2 42. Rd7 Qc3 43. a3 Qc1+ 44. Kg2 Qxa3 45. Rxc4 Qa8+
46. Kf1 Qh1+ 47. Ke2 Qxh2 48. Rf7+ Ke6 49. Rf3 Qh5 50. Rc6+ Kd5 51. Rcf6 Qg4
52. Kf1 Qc4+ 53. Kg2 Qh4 54. Rf8 Qg4+ 55. Rg3 Qh4 56. Rff3 Qe4 57. Kg1 Qc2 58.
Rd3+ Ke6 59. Rde3 Kf5 60. Rgf3+ Ke6 61. Kg2 Qb1 62. Rg3 Qc2 63. Rg5 Kf6 64.
Rexe5 Qc6+ 65. Rd5 Qc4 66. Rdf5+ Ke6 67. Rf3 Qc1 68. Rg6+ Ke5 69. Re3+ Kf5 70.
Rg8 1-0

[Event "Superettan(Orebro-Eskilstuna)"]
[Site "?"]
[Date "2009.02.07"]
[Round "5"]
[White "Nilsson, Matthias"]
[Black "Gruvaeus, Curt"]
[Result "0-1"]
[WhiteElo "2310"]
[BlackElo "2373"]
[PlyCount "118"]
[EventDate "2009.??.??"]
[SourceDate "2009.02.12"]

1. c4 f5 2. Nc3 Nf6 3. g3 d6 4. Bg2 g6 5. e3 Bg7 6. Nge2 O-O 7. O-O a5 8. Qc2
e5 9. d3 c6 10. Bd2 Be6 11. a3 Na6 12. Rab1 d5 13. cxd5 Nxd5 14. Nxd5 Bxd5 15.
Bxd5+ Qxd5 16. e4 Qd8 17. Kg2 Rf7 18. Bc3 Nc7 19. f4 exf4 20. Nxf4 Bxc3 21.
Qxc3 Nb5 22. Qc4 Qd4 23. exf5 gxf5 24. a4 Qxc4 25. dxc4 Nd6 26. b3 Re8 27. Rbd1
Ne4 28. Rfe1 Rfe7 29. Rd3 Nc5 30. Rxe7 Rxe7 31. Rf3 Rd7 32. Nh5 Rd2+ 33. Kh3
Rc2 34. Rxf5 Nxb3 35. Rg5+ Kf8 36. Rg7 Nc5 37. Rxh7 Rxc4 38. Nf6 Rxa4 39. g4 b5
40. g5 Ne6 41. Nd7+ Ke8 42. Nf6+ Kd8 43. Rh8+ Ke7 44. Nh7 Rc4 45. Ra8 a4 46.
Ra7+ Kd6 47. Kg3 Ke5 48. h4 Nd4 49. h5 Nf5+ 50. Kf3 Rh4 51. h6 a3 52. Nf8 Rf4+
53. Ke2 Nd4+ 54. Ke3 Rf3+ 55. Kd2 Rxf8 56. g6 Nf5 57. h7 Rd8+ 58. Kc3 Kf6 59.
Rd7 Re8 0-1

[Event "Superettan(Orebro-Eskilstuna)"]
[Site "?"]
[Date "2009.02.07"]
[Round "5"]
[White "Drugge, Patrick"]
[Black "Logdahl, Harald"]
[Result "0-1"]
[WhiteElo "2267"]
[BlackElo "2382"]
[PlyCount "65"]

1. e4 Nf6 2. e5 Nd5 3. d4 d6 4. c4 Nb6 5. exd6 cxd6 6. Nc3 g6 7. a4 Bg7 8. Be3
O-O 9. a5 N6d7 10. d5 Bxc3+ 11. bxc3 Nc5 12. h4 e5 13. Nh3 Bxh3 14. Rxh3 Nbd7
15. h5 f5 16. hxg6 hxg6 17. Be2 Qf6 18. Rb1 f4 19. Bxc5 Nxc5 20. Rb5 Kg7 21.
Qb1 Rf7 22. Bg4 Rh8 23. Be6 Rxh3 24. gxh3 e4 25. Rxc5 Qxc3+ 26. Kf1 dxc5 27.
Bxf7 Qxh3+ 28. Ke2 Qf3+ 29. Kd2 Qxf2+ 30. Kc3 Qd4+ 31. Kb3 Kxf7 32. a6 b5 33.
cxb5 0-1

[Event "Superettan(Orebro-Eskilstuna)"]
[Site "?"]
[Date "2009.02.07"]
[Round "5"]
[White "Alm, Hakan"]
[Black "Lind, Jan-Olov"]
[Result "1/2-1/2"]
[WhiteElo "2301"]
[BlackElo "2288"]
[PlyCount "71"]

1. c4 Nf6 2. Nc3 g6 3. d4 Bg7 4. e4 d6 5. Nge2 O-O 6. Ng3 Nc6 7. d5 Ne5 8. Be2
e6 9. h4 exd5 10. cxd5 h5 11. Bg5 c6 12. Qd2 Qb6 13. Rb1 cxd5 14. Bxf6 Bxf6 15.
Nxd5 Qd8 16. Nxf6+ Qxf6 17. Qh6 Ng4 18. Bxg4 Bxg4 19. f3 Qe5 20. Ne2 Be6 21.
Nc3 Qg3+ 22. Kf1 b5 23. b3 Qe5 24. Qd2 b4 25. Ne2 a5 26. Kf2 Rfc8 27. Rhc1 Rc5
28. Qd4 Rxc1 29. Rxc1 Qh2 30. Qf6 Qe5 31. Qxe5 dxe5 32. Rc5 a4 33. Rb5 axb3 34.
axb3 Bxb3 35. Rxb4 Be6 36. Rb2 1/2-1/2

[Event "Superettan(Orebro-Eskilstuna)"]
[Site "?"]
[Date "2009.02.07"]
[Round "5"]
[White "Zetterberg, Staffan"]
[Black "Eriksson, Bo"]
[Result "1/2-1/2"]
[WhiteElo "2322"]
[BlackElo "2189"]
[PlyCount "106"]

1. Nf3 d5 2. g3 Nf6 3. c4 d4 4. b4 c5 5. Bg2 e6 6. O-O Nc6 7. Qa4 Nd7 8. b5 Nb6
9. Qc2 Nb4 10. Qb3 d3 11. exd3 Qxd3 12. Na3 Qxb3 13. axb3 Nd3 14. Nc2 Be7 15.
Nfe1 Nxc1 16. Rxc1 a6 17. bxa6 Rxa6 18. d4 cxd4 19. Nxd4 O-O 20. Nec2 e5 21.
Nb5 Ra2 22. Ne3 Bc5 23. Ra1 Rb2 24. Rab1 Rxb1 25. Rxb1 f5 26. b4 Bxe3 27. fxe3
e4 28. Bf1 Nd7 29. Be2 Ne5 30. c5 Be6 31. Nd4 Bc4 32. Bxc4+ Nxc4 33. Rb3 g6 34.
Rc3 Ne5 35. b5 Rc8 36. Kf1 Kf7 37. Ke2 Ke7 38. Kd1 Nf3 39. h3 Nxd4 40. exd4 Ke6
41. Kd2 Kd5 42. Ke3 g5 43. c6 f4+ 44. gxf4 gxf4+ 45. Kxf4 bxc6 46. Ke3 c5 47.
dxc5 Rxc5 48. Rxc5+ Kxc5 49. Kxe4 Kxb5 50. Kf5 Kc6 51. Kf6 Kd7 52. Kg7 Ke7 53.
Kxh7 Kf7 1/2-1/2

[Event "Superettan(Orebro-Eskilstuna)"]
[Site "?"]
[Date "2009.02.07"]
[Round "5"]
[White "Didriksson, Mikael"]
[Black "Larsson, Patrik"]
[Result "1/2-1/2"]
[WhiteElo "2091"]
[BlackElo "2038"]
[PlyCount "102"]

1. e4 d6 2. g3 c5 3. Bg2 Nc6 4. Ne2 g6 5. O-O Bg7 6. Nbc3 Rb8 7. d3 b5 8. Nd5
e6 9. Ne3 Nge7 10. c3 b4 11. a3 bxc3 12. bxc3 Ba6 13. Ra2 O-O 14. Qc2 Qd7 15.
Rd1 Rfc8 16. Nf1 Na5 17. Bg5 Bb5 18. a4 Ba6 19. Nd2 Nac6 20. Nf3 e5 21. Qc1 Rc7
22. Bh6 Rcb7 23. Ra1 Na5 24. Qe3 Rb2 25. Bxg7 Kxg7 26. c4 R8b4 27. Nc3 Bb7 28.
Ng5 Nb3 29. Bh3 Qe8 30. Rab1 Nd4 31. Rxb2 Rxb2 32. Nb5 Qb8 33. Kg2 a6 34. Nc3
Bc6 35. Nd5 Nxd5 36. exd5 Bxa4 37. Rf1 Ne2 38. Kh1 Nd4 39. Ne4 Bd7 40. Qg5 Nf5
41. Qf6+ Kg8 42. g4 Nd4 43. Nxd6 Qf8 44. Ne4 Bxg4 45. Qxe5 Re2 46. Bg2 f5 47.
Nf6+ Kg7 48. Ne4+ Kg8 49. Nf6+ Kg7 50. Ne4+ Kg8 51. Nf6+ Kg7 1/2-1/2

[Event "Superettan(Orebro-Eskilstuna)"]
[Site "?"]
[Date "2009.02.07"]
[Round "5"]
[White "Blomstrom, Lars"]
[Black "Svensson, Hakan"]
[Result "1/2-1/2"]
[WhiteElo "2126"]
[BlackElo "2022"]
[PlyCount "65"]

1. e4 b6 2. d4 Bb7 3. Bd3 e6 4. Nf3 Nf6 5. Nbd2 d5 6. e5 Nfd7 7. Qe2 Be7 8. h4
c5 9. c3 Nc6 10. a3 a5 11. Nf1 a4 12. Be3 cxd4 13. cxd4 Na5 14. Ng5 Nc4 15. Rh3
Nxe3 16. Nxe3 Bxg5 17. hxg5 Qxg5 18. Rg3 Qh6 19. Rc1 Kd8 20. Bb5 Ra5 21. Qc2
Rxb5 22. Qc7+ Ke8 23. Qxb7 Rxb2 24. Qc8+ Ke7 25. Qxh8 Qh1+ 26. Nf1 Qg1 27. Rf3
Qxg2 28. Rc8 Rb1+ 29. Kd2 Rb2+ 30. Kc1 Rb1+ 31. Kxb1 Qxf1+ 32. Kb2 Qe2+ 33. Kb1
1/2-1/2

[Event "Superettan(Orebro-Eskilstuna)"]
[Site "?"]
[Date "2009.02.07"]
[Round "5"]
[White "Logdahl, Ulf"]
[Black "Jonsson, Krister"]
[Result "0-1"]
[WhiteElo "1990"]
[BlackElo "2044"]
[PlyCount "146"]
[EventDate "2009.??.??"]

1. f4 d5 2. e3 g6 3. d3 Bg7 4. Nf3 Nf6 5. Be2 O-O 6. O-O c5 7. Qe1 Nc6 8. c3 b5
9. Ne5 Qc7 10. Nxc6 Qxc6 11. Nd2 Bf5 12. Qh4 c4 13. Nf3 cxd3 14. Bxd3 Bxd3 15.
Ne5 Qc7 16. Nxd3 Ne4 17. Qe1 Rfd8 18. Bd2 Rac8 19. Rd1 Qc4 20. Nc1 a5 21. a3 e6
22. Ne2 Qb3 23. Bc1 b4 24. axb4 axb4 25. cxb4 Bxb2 26. Bxb2 Qxb2 27. Rb1 Qd2
28. Nd4 Rc3 29. Rb3 Rxb3 30. Nxb3 Qxe1 31. Rxe1 Rb8 32. Nc5 Rxb4 33. Nxe4 Rxe4
34. Kf2 d4 35. exd4 Rxf4+ 36. Ke3 Rf5 37. Rd1 Kg7 38. Rd2 h5 39. Ke4 Kf6 40.
Ke3 Rd5 41. Rf2+ Ke7 42. Ra2 g5 43. Ra7+ Kf6 44. Rb7 Kg6 45. Rb6 Kf5 46. Rb7 f6
47. Rb2 Ra5 48. Rf2+ Kg6 49. Rb2 f5 50. Ke2 f4 51. h3 Kf5 52. Kf2 g4 53. hxg4+
hxg4 54. Rc2 g3+ 55. Ke2 Ke4 56. Rc6 Ra2+ 57. Kf1 Rf2+ 58. Kg1 Kd5 59. Ra6 Rd2
60. Kf1 Rxd4 61. Ke2 e5 62. Ra2 Ke4 63. Rb2 Ra4 64. Rd2 Ra1 65. Rb2 Rg1 66.
Rb4+ Kf5 67. Rb8 Rxg2+ 68. Kf1 Rf2+ 69. Kg1 f3 70. Rg8 Kf4 71. Rf8+ Ke3 72. Re8
e4 73. Re7 Ra2 0-1

[Event "Superettan(Orebro-Eskilstuna)"]
[Site "?"]
[Date "2009.02.07"]
[Round "5"]
[White "Iwraeus, Love"]
[Black "Bragesjo, Tomas"]
[Result "1/2-1/2"]
[WhiteElo "1786"]
[BlackElo "1739"]
[PlyCount "66"]
[EventDate "2009.??.??"]

1. d4 f5 2. Nf3 Nf6 3. g3 g6 4. Bg2 Bg7 5. O-O O-O 6. c4 d6 7. Nc3 c6 8. Re1
Na6 9. Bg5 h6 10. Bxf6 exf6 11. e4 fxe4 12. Nxe4 f5 13. Nc3 g5 14. Qd2 Qf6 15.
Rad1 Bd7 16. d5 c5 17. h4 g4 18. Nh2 Nc7 19. Bf1 Rab8 20. a4 a6 21. Bd3 Rbe8
22. Rxe8 Rxe8 23. Re1 Rxe1+ 24. Qxe1 Qe5 25. Kf1 Kf7 26. Bc2 Qxe1+ 27. Kxe1
Bxc3+ 28. bxc3 a5 29. Nf1 Na8 30. Ne3 Kf6 31. Nd1 Nb6 32. Nb2 Ke5 33. Kd2 Be8
1/2-1/2

[Event "Superettan(Stockholms SS-Rockaden,Umea)"]
[Site "?"]
[Date "2009.02.07"]
[Round "5"]
[White "Wickstrom, Lucas"]
[Black "Henriksson, Johan"]
[Result "1/2-1/2"]
[WhiteElo "2255"]
[BlackElo "2322"]
[PlyCount "61"]
[EventDate "2009.??.??"]

1. d4 f5 2. Nc3 d5 3. Bg5 Nf6 4. Bxf6 exf6 5. e3 c6 6. Qf3 Bd6 7. Bd3 g6 8.
Nge2 Be6 9. h3 Qd7 10. O-O-O b5 11. Nf4 Bxf4 12. Qxf4 Na6 13. g4 fxg4 14. Qxf6
Rf8 15. Qh4 gxh3 16. e4 Qe7 17. Qxe7+ Kxe7 18. exd5 cxd5 19. Rde1 Kf6 20. Bxb5
Nc7 21. Bf1 Rae8 22. Bxh3 Bxh3 23. Rxe8 Rxe8 24. Rxh3 h5 25. Kd2 Kg5 26. Rg3+
Kh6 27. f4 h4 28. Rg4 Kh5 29. Rg5+ Kh6 30. Rg4 Kh5 31. Rg5+ 1/2-1/2

[Event "Superettan(Stockholms SS-Rockaden,Umea)"]
[Site "?"]
[Date "2009.02.07"]
[Round "5"]
[White "Bergstrom, Rolf"]
[Black "Malmstig, Erik"]
[Result "1-0"]
[WhiteElo "2355"]
[BlackElo "2315"]
[PlyCount "101"]

1. e4 d6 2. d4 Nf6 3. Nc3 g6 4. Be3 c6 5. Qd2 b5 6. Bd3 e5 7. h3 Nbd7 8. Nf3
Bb7 9. dxe5 dxe5 10. O-O Qc7 11. Ne2 Nc5 12. Ng3 Nfd7 13. Rfe1 Be7 14. Bh6 Ne6
15. a4 a6 16. Qc3 b4 17. Qd2 O-O-O 18. Bc4 Ndf8 19. Qe2 Qa5 20. Bxf8 Rdxf8 21.
Bxe6+ fxe6 22. Qc4 Rf6 23. Nf1 Rhf8 24. Ne3 h5 25. Ng5 Qc5 26. Nh7 Qxc4 27.
Nxc4 Rxf2 28. Nxf8 Rxf8 29. Rf1 Bc5+ 30. Kh1 Rf4 31. Rae1 Bd4 32. g3 Rf2 33.
Rxf2 Bxf2 34. Rf1 Bxg3 35. Rf7 Kb8 36. Nd6 Ba8 37. Kg2 Bf4 38. Kf3 c5 39. b3
Bc6 40. Re7 g5 41. Rh7 c4 42. Rxh5 c3 43. Rh7 Bd2 44. Ke2 Bf4 45. Kd3 Bh2 46.
Rg7 Bf4 47. Kc4 a5 48. Kd3 Bg3 49. Rxg5 Bf2 50. Rg7 Bc5 51. Nc4 1-0